| 000 | 00862cam a2200289 a 4500 | ||
|---|---|---|---|
| 008 | |||
| 020 | _a9781859463758 (pbk.) | ||
| 049 | _aMAIN | ||
| 090 |
_aNA2543.B56 _bPAW |
||
| 100 | 1 | _aPawlyn, Michael. | |
| 245 | 1 | 0 |
_aBiomimicry in architecture / _cMichael Pawlyn. |
| 260 |
_aLondon : _bRiba Publishing, _cc2011. |
||
| 300 |
_av, 130 p. : _bill. ; _c25 cm. |
||
| 500 | _aIncludes index. | ||
| 500 | _aIncludes index. | ||
| 504 | _aIncludes bibliographical references. | ||
| 650 | 0 | _aArchitecture and biology. | |
| 650 | 0 | _aOrganic architecture. | |
| 650 | 0 | _aBiomimicry. | |
| 650 | 0 | _aSustainable architecture. | |
| 650 | 0 |
_aArchitecture _xEnvironmental aspects. |
|
| 907 |
_a.b10369430 _b16-02-16 _c16-02-16 |
||
| 003 | |||
| 005 | 20230123122206.0 | ||
| 040 | _cNUST | ||
| 942 |
_cBOOKS _kNA2543.B56 _mPAW |
||
| 999 |
_c129399 _d129399 |
||